Central Library OPAC University of Rajshahi

An atlas of world affairs / (Record no. 21261)

MARC details
000 -LEADER
fixed length control field 00834nam a2200289 a 4500
001 - CONTROL NUMBER
control field 21261
003 - CONTROL NUMBER IDENTIFIER
rucl marc code BD-RjUL
005 - DATE AND TIME OF LATEST TRANSACTION
control field 20211209000651.0
008 - FIXED-LENGTH DATA ELEMENTS--GENERAL INFORMATION
fixed length control field 140304s1970 enkb 001 0 eng
020 ## - INTERNATIONAL STANDARD BOOK NUMBER
International Standard Book Number 0416196004
035 ## - SYSTEM CONTROL NUMBER
System control number (BD-RjUL)21325
040 ## - CATALOGING SOURCE
Original cataloging agency LC
Language of cataloging eng
Transcribing agency LC
Modifying agency ABN-SNR
-- BD-RjUL
041 ## - LANGUAGE CODE
Language code of text/sound track or separate title eng
082 00 - DEWEY DECIMAL CLASSIFICATION NUMBER
Classification number 911
Author mark and year BOA 1970
100 1# - MAIN ENTRY--PERSONAL NAME
Personal name Boyd, Andrew,
Dates associated with a name 1920-
9 (RLIN) 65735
245 13 - TITLE STATEMENT
Title An atlas of world affairs /
Statement of responsibility, etc. Andrew Boyd. Maps by W. H. Bromage.
250 ## - EDITION STATEMENT
Edition statement 6th ed.
260 ## - PUBLICATION, DISTRIBUTION, ETC. (IMPRINT)
Place of publication, distribution, etc. London :
Name of publisher, distributor, etc. Methuen,
Date of publication, distribution, etc. c1970.
300 ## - PHYSICAL DESCRIPTION
Pagination 176 p. :
Illustrations ill., maps. ;
Size 22 cm.
504 ## - BIBLIOGRAPHY, ETC. NOTE
Bibliography, etc Includes index.
650 #0 - SUBJECT ADDED ENTRY--TOPICAL TERM
Topical term or geographic name as entry element World politics
Chronological subdivision 1945-
General subdivision Maps.
9 (RLIN) 65736
Topical term or geographic name as entry element Historical geography
General subdivision Maps.
9 (RLIN) 65737
700 1# - ADDED ENTRY--PERSONAL NAME
Personal name Bromage, W. H.
942 ## - ADDED ENTRY ELEMENTS (KOHA)
Source of classification or shelving scheme Dewey Decimal Classification
Koha item type Books
Holdings
Lost status Source of classification or shelving scheme Damaged status Not for loan Collection code Permanent Location Current Location Shelving location Date acquired Source of acquisition Cost, normal purchase price Total Checkouts Full call number Date last seen Copy number Koha item type
  Dewey Decimal Classification   Added to bundle Non-fiction Central Library, University of Rajshahi Central Library, University of Rajshahi Reading Room 25/11/1975 Gonathan ware & co. 2.00   911 BOA 1970 04/03/2014 C-1 Books